| 000 | 01647nam a2200313Ia 4500 | ||
|---|---|---|---|
| 003 | OSt | ||
| 005 | 20201019124722.0 | ||
| 008 | 191128s2009 ck gr 000 0dspa d | ||
| 020 | _a9789587380057 | ||
| 040 |
_aCO-JMCR _cCO-JMCR |
||
| 041 | 0 | _aspa | |
| 082 | 0 | 4 |
_a986.105 / _bR175n _223 |
| 100 | 1 |
_aRamos, Aristides, _eeditor _911105 |
|
| 245 | 1 | 3 |
_aEl nuevo reino de Granada y sus provincias : _bcrisis de la independencia y experiencias republicanas / _cAristides Ramos, Óscar Saldarriaga y Radamiro Gaviria, editores académicos |
| 250 | _aPrimera edición | ||
| 260 |
_aBogotá : _bUniversidad del Rosario, _c©2009 |
||
| 300 |
_a230 páginas ; _c24 cm. |
||
| 490 | 0 | _aTexto de ciencias humanas | |
| 500 | _aIncluye notas a pie de página y datos biográficos de los editores. | ||
| 504 | _aReferencias bibliográficas al final de cada capítulo. | ||
| 505 | 0 |
_tCriollos configuración de una mentalidad / _rRamos Peñuela, Aristides _tLa ilusión borbónica sociedad y discurso reformista / _rAlzate Echeverri, Adriana María _tLa eclosión juntera en el Nuevo Reino de Granada / _uMartínez Garnica, Armando |
|
| 520 | 3 | _aEl acercamiento al ejercicio de Nación y Estado a partir de lecturas desde ámbitos diversos, como la educación, la económia, los postulados democráticos, las formas culturales, la dirección política | |
| 650 | 1 | 4 |
_aVida social y costumbres _ySiglo XIX, 1810-1819 _911106 |
| 651 | 4 |
_aColombia _xhistoria _y1810-2010 _911684 |
|
| 651 | 4 |
_aColombia _xvida social y costumbres _911685 |
|
| 700 | 1 |
_aSaldarriaga, Oscar, _eeditor _911107 |
|
| 700 | 1 |
_aGaviria, Radamiro, _eeditor _911108 |
|
| 942 |
_2ddc _cBK |
||
| 999 |
_c6283 _d6283 |
||